[Event "AUTO-INT-3935"]
[Site "http://www.queenalice.com/game.php?id=1858370"]
[Date "2025.6.5"]
[Round "1"]
[White "nicholasmorassutti"]
[Black "Carlos19"]
[Result "0-1"]
[WhiteElo "1589"]
[BlackElo "1730"]

1. e4 e5 2. d4 Bd6 3. d5 Nf6 4. Bg5 h6 5. Bxf6 Qxf6 6. Nc3 c5 7. dxc6 dxc6 8.
Qf3 Qxf3 9. gxf3 f5 10. O-O-O Bb4 11. Nce2 f4 12. a3 Be7 13. h3 Bh4 14. Nc3 Bxf2
15. Nge2 Be3+ 16. Kb1 b5 17. Rd6 g5 18. Nd1 Bc5 19. Rg6 b4 20. a4 a5 21. b3 Kf7
22. Nxf4 exf4 23. Rxg5 hxg5 24. Rg1 Bxg1 25. Bc4+ Be6 26. Bxe6+ Kxe6 27. Nb2
Rxh3 28. Nc4 Rxf3 29. e5 Bd4 30. Kc1 Bxe5 31. Nd2 Rf2 32. Ne4 Rf1+ 33. Kd2 Kd5
34. Nxg5 Rf2+ 35. Ke1 Rxc2 36. Nf3 Rc3 37. Nd2 Nd7 38. Ke2 Rh8 39. Nc4 Rh2+ 40.
Kd1 Rxb3 41. Nd2 Ra3 42. Kc1 f3 43. Nb1 Rxa4 44. Nd2 f2 45. Kc2 b3+ 46. Kxb3
Nc5+ 47. Kc2 Ra2+ 48. Kb1 Rxd2 49. Kc1 Bc3 50. Kb1 Rh1# 0-1

[Event "AUTO-INT-3935"]
[Site "http://www.queenalice.com/game.php?id=1858375"]
[Date "2025.6.5"]
[Round "1"]
[White "zmanomega"]
[Black "nicholasmorassutti"]
[Result "0-1"]
[WhiteElo "1585"]
[BlackElo "1569"]

1. e4 e5 2. Bc4 Nf6 3. Nc3 Bc5 4. f3 O-O 5. Nge2 c6 6. f4 b5 7. Bd3 exf4 8. Nxf4
Bd4 9. Nce2 Ng4 10. Nh3 Qh4+ 11. g3 Qxh3 12. Nxd4 Qg2 13. Qxg4 Qxh1+ 14. Bf1 c5
15. Nxb5 Re8 16. d3 Qxh2 17. c4 Na6 18. a3 d6 19. Qf3 Bd7 20. g4 Bc6 21. Nc3 Nb8
22. b4 Qc2 23. Nd5 Bxd5 24. cxd5 Qc3+ 25. Bd2 Qxa1+ 26. Kf2 Qxa3 27. Bg5 Qxb4
28. Bf4 Rd8 29. Kg3 a5 30. g5 g6 31. Qe3 Qb3 32. Bg2 a4 33. e5 Re8 34. e6 fxe6
35. Bxd6 a3 36. Bxc5 a2 37. Bd4 e5 38. d6 Nd7 39. Bc5 a1=Q 0-1

[Event "AUTO-INT-3935"]
[Site "http://www.queenalice.com/game.php?id=1858376"]
[Date "2025.6.5"]
[Round "1"]
[White "nicholasmorassutti"]
[Black "zmanomega"]
[Result "0-1"]
[WhiteElo "1586"]
[BlackElo "1575"]

1. e4 e5 2. d4 Nc6 3. d5 Nd4 4. c3 Bc5 5. b4 Bb6 6. Bc4 d6 7. cxd4 Bxd4 8. Nf3
h6 9. O-O Bxa1 10. Qc2 Bg4 11. Nh4 Qxh4 12. f3 Bd4+ 13. Kh1 Bh3 14. gxh3 Qxh3
15. Qg2 Qxg2+ 16. Kxg2 O-O-O 17. f4 exf4 18. Rxf4 f6 19. Nd2 Be5 20. Rf3 h5 21.
Nb3 b6 22. Ba6+ Kd7 23. Rg3 Bxg3 24. Kxg3 Nh6 25. Nd4 Rde8 26. Bb5+ Kc8 27. Bxe8
Rxe8 28. Kf4 Ng4 29. Kf5 Re5+ 30. Kg6 Rxe4 31. Nb5 h4 32. Nxa7+ Kb7 33. Nb5 Nxh2
34. Kxg7 h3 35. Nc3 Rxb4 36. a3 Rg4+ 37. Kxf6 Nf3 38. Nd1 h2 39. Nf2 Rg2 40. Be3
Rxf2 41. Bxf2 h1=Q 42. a4 Qh5 43. Be3 Qe5+ 44. Kg6 Nh4+ 45. Kf7 Qxe3 46. Kf6
Qf4+ 47. Ke6 Qf5+ 48. Ke7 Ng6+ 49. Kd8 Qc8# 0-1

[Event "The March Open"]
[Site "http://www.queenalice.com/game.php?id=1859675"]
[Date "2025.7.8"]
[Round "3"]
[White "nicholasmorassutti"]
[Black "Daniel1962"]
[Result "1-0"]
[WhiteElo "1570"]
[BlackElo "1720"]

1. e4 e5 2. Nf3 d6 3. Bc4 h6 4. d4 exd4 5. Nxd4 Nf6 6. O-O Nxe4 7. Qf3 Nf6 8.
Nc3 g5 9. Ne4 Bg7 10. Re1 Nbd7 11. Nxf6+ Kf8 12. Nxd7+ Qxd7 13. b3 Bxd4 14. Rb1
f5 15. c3 Be5 16. a4 g4 17. Qd1 Bxc3 18. Re3 Be5 19. Bb2 Bxb2 20. Rxb2 f4 21.
Re4 Qf5 22. Rbe2 f3 23. Re8+ Kg7 24. Qd4+ Kg6 25. Qxh8 fxe2 26. Bxe2 Qb1+ 27.
Bf1 Qf5 28. g3 c5 29. Rf8 Qe5 30. Bd3+ Kg5 31. Qg8+ 1-0

[Event "Challenge"]
[Site "http://www.queenalice.com/game.php?id=1859989"]
[Date "2025.7.17"]
[Round "-"]
[White "Leanne"]
[Black "nicholasmorassutti"]
[Result "0-1"]
[WhiteElo "1277"]
[BlackElo "1596"]

1. e4 e5 2. Nf3 Nc6 3. d4 f6 4. dxe5 fxe5 5. Bg5 Nf6 6. Bxf6 Qxf6 7. Be2 Bc5 8.
O-O d6 9. Nc3 Be6 10. Nd5 O-O-O 11. Nxf6 gxf6 12. c3 Rhg8 13. g3 Bh3 14. Bc4 Rg6
15. Nh4 Rg7 16. Nf5 Rg4 17. Re1 Na5 18. Be2 Rxe4 19. b4 Bxf2+ 0-1

[Event "Challenge"]
[Site "http://www.queenalice.com/game.php?id=1859990"]
[Date "2025.7.17"]
[Round "-"]
[White "nicholasmorassutti"]
[Black "Leanne"]
[Result "1-0"]
[WhiteElo "1592"]
[BlackElo "1281"]

1. e4 c5 2. d4 cxd4 3. Qxd4 Nc6 4. Qe3 e5 5. Bd3 d6 6. c4 Nf6 7. Nc3 Be7 8. Nf3
Ng4 9. Qe2 O-O 10. O-O Nd4 11. Nxd4 exd4 12. Nd5 Ne5 13. Qh5 Bg4 14. Qxe5 dxe5
15. h3 Bh5 16. Bd2 Bg5 17. Bb4 Re8 18. a4 Qd7 19. c5 1-0

[Event "AUTO-INT-3939"]
[Site "http://www.queenalice.com/game.php?id=1860138"]
[Date "2025.7.18"]
[Round "1"]
[White "Ruusgugg"]
[Black "nicholasmorassutti"]
[Result "0-1"]
[WhiteElo "1318"]
[BlackElo "1599"]

1. e4 e5 2. c3 d5 3. Qc2 d4 4. c4 Bc5 5. Nf3 Nf6 6. Nxe5 O-O 7. Qb3 Nxe4 8. f3
Nd6 9. f4 Bf5 10. Qg3 Qf6 11. d3 Bb4+ 12. Bd2 Bxd2+ 13. Nxd2 Qe6 14. O-O-O Nc6
15. Re1 Rae8 16. c5 Nb5 17. a4 Qa2 18. axb5 Qa1+ 19. Nb1 Nb4 20. Qg5 Qa4 21. Re2
Nxd3+ 22. Kd2 Qb4+ 23. Nc3 Qxb2+ 24. Kd1 Qc1# 0-1

[Event "AUTO-INT-3939"]
[Site "http://www.queenalice.com/game.php?id=1860139"]
[Date "2025.7.18"]
[Round "1"]
[White "nicholasmorassutti"]
[Black "Ruusgugg"]
[Result "1-0"]
[WhiteElo "1604"]
[BlackElo "1302"]

1. e4 d5 2. Nc3 dxe4 3. Nxe4 f5 4. Nc3 e5 5. Bc4 Qg5 6. g3 Bc5 7. Nd5 Qd8 8. Nf3
Nf6 9. Nxf6+ Qxf6 10. O-O e4 11. Ne1 Be6 12. Bxe6 Qxe6 13. c3 O-O 14. Qb3 Qxb3
15. axb3 f4 16. Ra5 b6 17. Ra4 fxg3 18. hxg3 Re8 19. b4 b5 20. Ra5 Bb6 21. Rxb5
Re6 22. d3 e3 23. fxe3 Bxe3+ 24. Bxe3 Rxe3 25. Rbf5 Rxg3+ 26. Kf2 Rh3 27. Kg2
Rh6 28. Rf8# 1-0

[Event "AUTO-INT-3939"]
[Site "http://www.queenalice.com/game.php?id=1860151"]
[Date "2025.7.18"]
[Round "1"]
[White "nicholasmorassutti"]
[Black "StepPhil"]
[Result "1-0"]
[WhiteElo "1623"]
[BlackElo "1523"]

1. e4 e5 2. Nf3 Qf6 3. d4 d6 4. d5 Bg4 5. Be2 Bxf3 6. Bxf3 h6 7. O-O g5 8. Bh5
Rh7 9. Nc3 a6 10. Qf3 Qg7 11. Be3 Nf6 12. a4 Nxh5 13. Qxh5 Nd7 14. a5 Nf6 15.
Qe2 O-O-O 16. Qc4 Ne8 17. Ra4 f6 18. Rfa1 Qd7 19. R1a3 Kb8 20. h3 b5 21. Nxb5
axb5 22. Rb4 1-0

[Event "AUTO-INT-3939"]
[Site "http://www.queenalice.com/game.php?id=1860156"]
[Date "2025.7.18"]
[Round "1"]
[White "caradepau"]
[Black "nicholasmorassutti"]
[Result "1-0"]
[WhiteElo "1647"]
[BlackElo "1634"]

1. e4 e5 2. Bc4 Nf6 3. d3 Bc5 4. a3 d5 5. exd5 Nxd5 6. h3 Qf6 7. Nf3 c6 8. Bd2
O-O 9. O-O Qg6 10. Kh2 Bd6 11. Bxd5 e4+ 12. g3 exf3 13. Bxf3 Qe6 14. Nc3 Qxh3+
15. Kg1 Be6 16. Qc1 Nd7 17. Bf4 Bxf4 18. Qxf4 h6 19. Bg2 Qh5 20. b4 Nf6 21. Ne4
Nd5 22. Bf3 Nxf4 23. Bxh5 Nh3+ 24. Kg2 Ng5 25. Nxg5 hxg5 26. c4 Rad8 27. Be2 Rd4
28. f3 g4 29. fxg4 Bxg4 30. Bxg4 Rxg4 31. Rf4 Rxf4 32. gxf4 f5 33. b5 Rf6 34.
Re1 a6 35. bxa6 bxa6 36. Kg3 Rd6 37. Rd1 c5 38. Kh4 Rb6 39. d4 cxd4 40. Rxd4 Kf7
41. Kg5 g6 42. c5 Rb5 43. c6 Rc5 44. Rd6 Ke7 45. Rxg6 Kd8 46. Rf6 Rc3 47. Rxf5
Rxc6 48. Rf6 Kd7 49. Rxc6 Kxc6 50. f5 Kd7 51. Kg6 a5 52. f6 a4 53. Kg7 Kd6 54.
f7 Kc5 55. f8=Q+ Kc4 56. Qf5 Kb3 57. Qc5 Kb2 58. Qb4+ Ka2 59. Qxa4 Kb2 60. Qb4+
Ka2 61. a4 Ka1 62. a5 Ka2 63. a6 Ka1 64. Qb7 Ka2 65. a7 Ka3 66. a8=Q# 1-0

[Event "AUTO-INT-3939"]
[Site "http://www.queenalice.com/game.php?id=1860157"]
[Date "2025.7.18"]
[Round "1"]
[White "nicholasmorassutti"]
[Black "caradepau"]
[Result "1-0"]
[WhiteElo "1616"]
[BlackElo "1665"]

1. e4 e5 2. d4 Qe7 3. d5 d6 4. Bc4 a6 5. Nf3 h6 6. O-O Nf6 7. Nc3 Bg4 8. Qd3
Nbd7 9. b4 a5 10. b5 Nc5 11. Qe3 Bxf3 12. Qxf3 a4 13. Be3 Qd7 14. h3 c6 15. Qf5
Qxf5 16. exf5 g5 17. fxg6 fxg6 18. Bxc5 dxc5 19. dxc6 bxc6 20. bxc6 Bd6 21. Nb5
Bb8 22. c7 Kd7 23. Rad1+ Kc8 24. Be6+ Kb7 25. Bd5+ Nxd5 26. Rxd5 Bxc7 27. Rxc5
Kb6 28. Rd5 Rhc8 29. Rb1 Kc6 30. Rd3 g5 31. Rb4 Ra5 32. Rc3+ Kd7 33. Rxc7+ Rxc7
34. Nxc7 Kxc7 35. g4 Kc6 36. Kg2 Rc5 37. c4 a3 38. Ra4 Kb6 39. Kg3 e4 40. Rxa3
Rxc4 41. h4 Kb5 42. Re3 gxh4+ 43. Kxh4 Rb4 44. Kh5 Rb2 45. Rxe4 Rxf2 46. a4+ Ka5
47. Kxh6 Rh2+ 48. Kg6 Ra2 49. Kf6 Rb2 50. g5 Rb4 51. Re5+ Kxa4 52. g6 Rg4 53.
Rg5 Rxg5 54. Kxg5 Kb4 55. g7 Kc3 56. g8=Q Kd4 57. Kf5 Kc5 58. Ke5 Kb4 59. Qd5
Kc3 60. Ke4 Kb4 61. Kd4 Ka3 62. Qb5 Ka2 63. Kc3 Ka3 64. Qb3# 1-0

[Event "AUTO-INT-3928"]
[Site "http://www.queenalice.com/game.php?id=1860218"]
[Date "2025.7.20"]
[Round "2"]
[White "nicholasmorassutti"]
[Black "mestre62"]
[Result "1-0"]
[WhiteElo "1608"]
[BlackElo "1524"]

1. e4 Nc6 2. d4 e5 3. d5 Nd4 4. Nf3 Nxf3+ 5. Qxf3 d6 6. Bc4 a6 7. O-O b5 8. Be2
Nf6 9. Bg5 h6 10. Bxf6 Qxf6 11. Qc3 Ra7 12. Nd2 Qg6 13. Nb3 Qxe4 14. Bf3 Qg6 15.
Be2 Bb7 16. Bf3 Qf6 17. Qxc7 Be7 18. Qb8+ Bd8 19. Qxa7 O-O 20. Qxb7 Qf5 21. Qc6
Bf6 22. Rae1 Be7 23. Re2 Bg5 24. Qxd6 Rc8 25. Rxe5 Qxc2 26. Re2 Qf5 27. Nd4 Qf4
28. Qxa6 Rc1 29. Nb3 Rxf1+ 30. Kxf1 Qxh2 31. Re8+ Kh7 32. Be4+ g6 33. Bxg6+ 1-0

[Event "AUTO-INT-3928"]
[Site "http://www.queenalice.com/game.php?id=1860219"]
[Date "2025.7.20"]
[Round "2"]
[White "mestre62"]
[Black "nicholasmorassutti"]
[Result "0-1"]
[WhiteElo "1511"]
[BlackElo "1621"]

1. Nf3 e5 2. Nxe5 Qf6 3. d4 d6 4. Nf3 d5 5. Bg5 Qb6 6. b3 h6 7. Bd2 Bd6 8. e3
Nf6 9. Bd3 O-O 10. Nc3 c5 11. Na4 Qc7 12. O-O c4 13. bxc4 Be6 14. c5 Qc6 15. Nc3
Bc7 16. Bb5 Bxh2+ 17. Nxh2 Qc7 18. Re1 a6 19. Bd3 Nc6 20. Qf3 Nb4 21. a3 Nxd3
22. Re2 Nb2 23. Rb1 Nc4 24. Na4 Bd7 25. Nb6 Nxb6 26. cxb6 Qd6 27. Bb4 Qxb6 28.
Ree1 Rfe8 29. Qg3 a5 30. Be7 Qc6 31. Bxf6 Qxf6 32. Nf3 Qf5 0-1

[Event "AUTO-INT-3928"]
[Site "http://www.queenalice.com/game.php?id=1860220"]
[Date "2025.7.20"]
[Round "2"]
[White "nicholasmorassutti"]
[Black "Jsc"]
[Result "0-1"]
[WhiteElo "1633"]
[BlackElo "2023"]

1. e4 e6 2. d4 d5 3. e5 c5 4. Bb5+ Nc6 5. Nf3 cxd4 6. Nxd4 Bd7 7. Nxc6 bxc6 8.
Ba4 c5 9. Bxd7+ Qxd7 10. O-O Ne7 11. Be3 Ng6 12. f4 Ne7 13. Bxc5 Qb5 14. Qd4 Nf5
15. Qb4 Bxc5+ 16. Qxc5 Qxc5+ 17. Rf2 Ne3 18. Nc3 Ng4 19. Nd1 Nxf2 20. Nxf2 Qe3
21. c3 Qxf4 22. Nd3 Qe3+ 23. Kf1 Qxd3+ 24. Ke1 Qe3+ 25. Kf1 Rb8 26. Re1 Qd2 27.
Re2 Qc1+ 28. Kf2 Rxb2 0-1

[Event "AUTO-INT-3928"]
[Site "http://www.queenalice.com/game.php?id=1860221"]
[Date "2025.7.20"]
[Round "2"]
[White "Jsc"]
[Black "nicholasmorassutti"]
[Result "1-0"]
[WhiteElo "2036"]
[BlackElo "1631"]

1. e4 e5 2. Nf3 Nc6 3. d4 Nf6 4. d5 Ne7 5. Bd3 d6 6. h3 Ng6 7. O-O Be7 8. c4 c5
9. a3 O-O 10. b4 Nf4 11. bxc5 dxc5 12. Nxe5 Qd6 13. Bxf4 b6 14. Ng6 Qd8 15. Nxf8
Bxf8 16. e5 Nd7 17. a4 Qh4 18. Bg3 Qe7 19. Nc3 Nxe5 20. Be2 Ba6 21. Re1 Rd8 22.
Bf1 Bxc4 23. Bxc4 Qf6 24. Bxe5 Qf5 25. Qg4 Qxg4 26. hxg4 Be7 27. Bc7 Rd7 28. d6
Bf8 29. Re8 h6 30. Bb5 Rxd6 31. Bxd6 g5 32. Rxf8+ Kg7 33. Re1 Kg6 34. Bd3+ Kg7
35. Ree8 a5 36. Be5+ f6 37. Bxf6# 1-0

[Event "AUTO-INT-3896"]
[Site "http://www.queenalice.com/game.php?id=1863024"]
[Date "2025.9.14"]
[Round "2"]
[White "JoseMessias"]
[Black "nicholasmorassutti"]
[Result "0-1"]
[WhiteElo "1736"]
[BlackElo "1602"]

1. g3 e5 2. e4 Nf6 3. Bg2 d5 4. exd5 Nxd5 5. Bxd5 Qxd5 6. Nf3 Bg4 7. O-O Qxf3 8.
Qxf3 Bxf3 9. Re1 Bd6 10. Re3 Bd5 11. f4 Bc5 12. d3 Bxe3+ 13. Bxe3 O-O 14. fxe5
Nc6 15. Nc3 Bf3 16. Bf4 Nd4 17. Be3 Nxc2 18. Rf1 Nxe3 19. Rxf3 Nc2 20. Nd5 Nd4
21. Rf2 Rad8 22. Nxc7 a6 23. e6 Nxe6 24. Nxe6 fxe6 25. Rd2 g5 26. h3 h5 27. Kg2
g4 28. hxg4 hxg4 29. b4 Kg7 30. a4 Rd4 31. b5 Rxa4 32. bxa6 Rxa6 33. Rb2 Kg6 34.
Rb4 Ra2+ 35. Kg1 Rff2 36. Rxg4+ Kh5 37. Rh4+ Kg5 38. d4 Rfd2 39. Rf4 b5 40. Rf8
b4 41. Rg8+ Kf5 42. g4+ Ke4 43. Rf8 b3 44. g5 b2 45. Rf1 Kxd4 46. g6 Ra7 47. Rf7
b1=Q+ 48. Rf1 Qxf1+ 49. Kxf1 Ra1# 0-1

[Event "AUTO-INT-3896"]
[Site "http://www.queenalice.com/game.php?id=1863025"]
[Date "2025.9.14"]
[Round "2"]
[White "nicholasmorassutti"]
[Black "JoseMessias"]
[Result "0-1"]
[WhiteElo "1633"]
[BlackElo "1724"]

1. e4 e5 2. Nf3 Qf6 3. d4 exd4 4. Nxd4 Bc5 5. Bc4 Bxd4 6. O-O Qd6 7. c3 Bxf2+ 8.
Rxf2 Qxd1+ 9. Rf1 Qd6 10. Bf4 Qc5+ 11. Kh1 Qxc4 12. Nd2 Qd3 13. Rad1 d5 14. exd5
Qxd5 15. Bxc7 Bh3 16. Nf3 Bxg2+ 17. Kxg2 Qxd1 18. Rxd1 Nd7 19. Ne5 Nxe5 20. Bxe5
Ne7 21. Bxg7 Rg8 22. Re1 Rxg7+ 23. Kf3 a5 24. a4 Ra6 25. Re5 Rf6+ 26. Ke4 Rg4+
27. Kd3 Rf3+ 28. Ke2 Rh3 29. b4 Rg2+ 30. Kf1 Rgxh2 31. Rxa5 Rxc3 32. Re5 f6 33.
Re6 h5 34. Kg1 Ra2 35. Kf1 Rf3+ 36. Kg1 h4 37. b5 h3 38. a5 h2+ 39. Kh1 Rf1# 0-1

[Event "AUTO-INT-3896"]
[Site "http://www.queenalice.com/game.php?id=1863030"]
[Date "2025.9.14"]
[Round "2"]
[White "nicholasmorassutti"]
[Black "Givanildo"]
[Result "1-0"]
[WhiteElo "1639"]
[BlackElo "1320"]

1. e4 d5 2. Nc3 d4 3. Nce2 d3 4. cxd3 Qxd3 5. e5 Bg4 6. f3 Bh5 7. Nf4 Qd4 8.
Nxh5 Qxe5+ 9. Be2 Qxh5 10. d4 Nd7 11. Qb3 Qh4+ 12. g3 Qxd4 13. Qxb7 Rb8 14. Qxc7
Ngf6 15. Bd1 e6 16. a3 Bd6 17. Ne2 Qd5 18. O-O Bxc7 19. Nf4 Qd4+ 20. Kg2 Bxf4
21. gxf4 Nh5 22. a4 Nxf4+ 23. Kg3 Nh5+ 24. Kg2 Rxb2+ 25. Bxb2 Qxb2+ 26. Be2
Qxe2+ 27. Rf2 Nf4+ 28. Kg3 Nh5+ 29. Kg2 Qe5 30. Rb1 Nf4+ 31. Kg3 Nd3+ 32. f4 1-0

[Event "AUTO-INT-3896"]
[Site "http://www.queenalice.com/game.php?id=1863031"]
[Date "2025.9.14"]
[Round "2"]
[White "Givanildo"]
[Black "nicholasmorassutti"]
[Result "0-1"]
[WhiteElo "1324"]
[BlackElo "1635"]

1. d4 d6 2. Bf4 h6 3. e3 g5 4. Bg3 Bf5 5. Nc3 Nc6 6. a3 a6 7. Bc4 e6 8. Nge2 d5
9. Bb3 Qf6 10. f4 O-O-O 11. fxg5 hxg5 12. h3 Bd6 13. Bxd6 cxd6 14. g4 Be4 15.
Nxe4 dxe4 16. Rf1 Qg7 17. c4 Qh7 18. Ng3 Qxh3 19. Rg1 Qh4 20. d5 Ne5 21. Rg2
Nxg4 22. Qe2 exd5 23. O-O-O dxc4 24. Qxc4+ Kd7 25. Qxf7+ Ne7 26. Nf5 Qh7 27.
Rxd6+ Kc8 28. Nxe7+ Kc7 29. Rxd8 Kxd8 30. Rd2+ Kc7 31. Nd5+ Kb8 32. Qe6 Qh1+ 33.
Bd1 Qg1 0-1

[Event "AUTO-INT-3896"]
[Site "http://www.queenalice.com/game.php?id=1863032"]
[Date "2025.9.14"]
[Round "2"]
[White "nicholasmorassutti"]
[Black "renet54"]
[Result "1-0"]
[WhiteElo "1619"]
[BlackElo "1576"]

1. e4 e5 2. Nf3 Nc6 3. Bb5 Nf6 4. d3 Bc5 5. O-O O-O 6. a3 d6 7. Bxc6 bxc6 8. h3
Bxh3 9. gxh3 Qc8 10. Kg2 Qd7 11. Nh4 d5 12. Bg5 dxe4 13. Bxf6 gxf6 14. Qg4+ Kh8
15. Qxd7 Rg8+ 16. Kh1 Rg7 17. Qxc6 Be7 18. Qxa8+ Rg8 19. Qxa7 f5 20. Nxf5 Bd6
21. Nxd6 1-0

[Event "AUTO-INT-3896"]
[Site "http://www.queenalice.com/game.php?id=1863033"]
[Date "2025.9.14"]
[Round "2"]
[White "renet54"]
[Black "nicholasmorassutti"]
[Result "1-0"]
[WhiteElo "1541"]
[BlackElo "1621"]

1. e4 e5 2. Nf3 Nc6 3. d4 exd4 4. Bc4 Bc5 5. c3 Qf6 6. Bg5 Qf4 7. Bxf4 h6 8.
cxd4 Bb6 9. O-O d6 10. Nc3 Nf6 11. Re1 O-O 12. Qb3 Bg4 13. Nd5 Bxf3 14. Qxf3
Nxd4 15. Nxf6+ gxf6 16. Qg3+ Kh7 17. Bd3 Rae8 18. e5+ Kh8 19. exf6 Rg8 20. Qh3
c5 21. Qxh6# 1-0

[Event "Challenge"]
[Site "http://www.queenalice.com/game.php?id=1868534"]
[Date "2026.1.27"]
[Round "-"]
[White "nicholasmorassutti"]
[Black "StepPhil"]
[Result "0-1"]
[WhiteElo "1648"]
[BlackElo "1498"]

1. e4 e5 2. d4 Bd6 3. Bc4 Nc6 4. Nf3 exd4 5. Nxd4 Ne5 6. Bb3 c6 7. Bf4 Qf6 8. g3
Bc7 9. O-O d6 10. Bxe5 dxe5 11. Nf3 Ne7 12. Nc3 Be6 13. Bxe6 Qxe6 14. b3 Rd8 15.
Qe2 h6 16. Rad1 O-O 17. Rxd8 Rxd8 18. Rd1 b5 19. Rd3 Rxd3 20. Qxd3 f6 21. a4 b4
22. Ne2 a5 23. Qa6 Qd6 24. Qc4+ Kh8 25. Qf7 Bd8 26. Ne1 Kh7 27. c3 Qd1 28. h3
Qxe1+ 29. Kg2 Qxe2 30. Qe8 Qxe4+ 31. f3 Qe2+ 32. Kh1 Qxf3+ 33. Kg1 Bb6+ 34. Kh2
Qf2+ 35. Kh1 Qg1# 0-1

[Event "Challenge"]
[Site "http://www.queenalice.com/game.php?id=1868642"]
[Date "2026.1.29"]
[Round "-"]
[White "Leanne"]
[Black "nicholasmorassutti"]
[Result "0-1"]
[WhiteElo "1319"]
[BlackElo "1645"]

1. d4 d5 2. c4 Be6 3. cxd5 Bxd5 4. e3 e6 5. Nc3 Bb4 6. Bd2 Nf6 7. Nxd5 Nxd5 8.
Nf3 O-O 9. Be2 Bxd2+ 10. Nxd2 Nc6 11. O-O e5 12. Nf3 Qd6 13. dxe5 Nxe5 14. Nxe5
Qxe5 15. b3 Rad8 16. Bc4 Nxe3 17. Qf3 Nxf1 18. Rxf1 Rd6 19. Rd1 Rxd1+ 20. Qxd1
b5 21. Be2 a6 22. g3 c5 23. a4 bxa4 24. bxa4 a5 25. f4 Qe3+ 26. Kf1 Qe4 27. Bf3
Qc4+ 28. Kg2 Qa2+ 29. Kh3 Qe6+ 30. g4 g6 31. f5 gxf5 32. gxf5 Qxf5+ 33. Bg4 Qf6
34. Qd5 Rc8 35. Qf5 Qxf5 36. Bxf5 Rd8 0-1

[Event "Challenge"]
[Site "http://www.queenalice.com/game.php?id=1868643"]
[Date "2026.1.29"]
[Round "-"]
[White "nicholasmorassutti"]
[Black "Leanne"]
[Result "1-0"]
[WhiteElo "1630"]
[BlackElo "1315"]

1. e4 e6 2. f4 d5 3. e5 f6 4. d4 Nc6 5. Bb5 Bd7 6. Nc3 fxe5 7. dxe5 Bb4 8. a3
Bxc3+ 9. bxc3 Qe7 10. Be3 O-O-O 11. Nf3 d4 12. cxd4 Nxd4 13. Qxd4 Bxb5 14. Qxa7
c6 15. Bb6 Re8 16. O-O-O Be2 17. Qa8# 1-0

[Event "Challenge"]
[Site "http://www.queenalice.com/game.php?id=1868750"]
[Date "2026.2.1"]
[Round "-"]
[White "nicholasmorassutti"]
[Black "PRZ"]
[Result "1-0"]
[WhiteElo "1633"]
[BlackElo "1527"]

1. e4 c5 2. d4 e6 3. Bc4 a6 4. Nf3 b5 5. Be2 c4 6. O-O g6 7. b3 Qc7 8. g3 f6 9.
Bf4 Qb7 10. d5 e5 11. Be3 cxb3 12. cxb3 Nh6 13. Qd2 Ng4 14. Na3 Bxa3 15. Rac1
Nxe3 16. Qxe3 Bxc1 17. Rxc1 d6 18. Rc2 a5 19. Qc1 Na6 20. Rc6 Ke7 21. a4 bxa4
22. bxa4 Nb4 23. Rc4 Bg4 24. Rc7+ 1-0